Seven Lions Charting Songs (Billboard Hot Dance) - Statistics

General Stats
  • This quiz has been taken 19 times
    6 since last reset
  • The average score is 3 of 12
Answer Stats
Album Weeks On Peak Artist(s) Song % Correct
Gravity 20 Weeks #12 Gryffin, Seven Lions & Noah Kahan Need Your Love
67%
Non-Album Single 3 Weeks #14 Seven Lions & ILLENIUM ft. Asdis Not Even Love
67%
Non-Album Single 2 Weeks #42 Seven Lions + Andrew Bayer ft. Alison May Returning to You
33%
Non-Album Single 1 Week #50 Seven Lions, ILLENIUM & Said The Sky ft. HALIENE Rush Over Me
33%
Ophelia Volume 2 1 Week #49 Above & Beyond and Seven Lions ft. Opposite The Other See the End
33%
Beyond the Veil 1 Week #48 Seven Lions ft. LIGHTS Stop Thinking
33%
Worlds Apart EP 20 Weeks #30 Seven Lions with Myon & Shane 54 ft. Tove Lo Strangers
33%
Ophelia Volume 2 1 Week #46 Seven Lions + Excision + Wooli with Dylan Matthew Another Me
0%
Worlds Apart EP 1 Week #47 Seven Lions ft. Ellie Goulding Don't Leave
0%
Creation EP 1 Week #49 Seven Lions ft. LIGHTS Falling Away
0%
Ophelia Volume 1 7 Weeks #41 Seven Lions + SLANDER + Dabin ft. Dylan Matthew First Time
0%
Find Another Way EP 2 Weeks #33 Seven Lions ft. Tyler Graves Only Now
0%
No matching quizzes found
Score Distribution
Percent of People with Each Score
Percentile by Number Answered
Your Score History
You have not taken this quiz since the last reset